América : setenta siglos de la historia de un nombre : 12 grabados originales de Beltrán y 3 facsímiles /

Guardado en:
Bibliografiske detaljer
Hovedforfatter: Tibón, Gutierre (autor)
Format: Bog
Sprog:spansk
Udgivet: México : Pirámide, 1945, c1945
Tags: Tilføj Tag
Ingen Tags, Vær først til at tagge denne postø!

MARC

LEADER 00000nam^a2200000^a^4500
001 000439547
005 20250526000000.0
009 20260310123314.441
037 |a Acervo ITESO - Biblioteca 
041 |a ESP 
091 |a FHM. 09440 
100 |a Tibón, Gutierre  |e (autor) 
245 1 0 |a América :  |b setenta siglos de la historia de un nombre : 12 grabados originales de Beltrán y 3 facsímiles / 
264 4 |a México :  |b Pirámide,  |c 1945, c1945 
300 |a 220 p. ;  |c 20.0 cm. 
336 |a texto  |b txt  |2 rdacontenido 
337 |a sin mediación  |b n  |2 rdamedio 
338 |a volumen  |b nc  |2 rdasoporte 
649 |a XX 
910 |a Fondo Hugo B. Margáin 
920 |a Impresos - Libros 
930 |a Libros Antiguos y Raros 
905 |a 126 
901 |a 0500307324  |b IT2  |c LRA  |i D109859  |u 20250526 
902 |a https://opac.biblio.iteso.mx/vufind/Record/000439547